| 000 | 00619cam a2200205 4500500 | ||
|---|---|---|---|
| 005 | 20260405002225.0 | ||
| 041 | _afre | ||
| 042 | _adc | ||
| 100 | 1 | 0 |
_aEnjalbert, Cédric _eauthor |
| 245 | 0 | 0 | _aDilma Rousseff et les racines de la corruption |
| 260 | _c2016. | ||
| 500 | _a15 | ||
| 690 | _aBrésil | ||
| 690 | _aCorruption | ||
| 690 | _aDilma Rousseff | ||
| 690 | _aMarcel Mauss | ||
| 690 | _aMiguel Benasayag | ||
| 786 | 0 | _nPhilosophie magazine | 100 | 6 | 2016-06-01 | p. 2-3 | 1951-1787 | |
| 856 | 4 | 1 | _uhttps://shs.cairn.info/magazine-philosophie-magazine-2016-6-page-2?lang=fr&redirect-ssocas=7080 |
| 999 |
_c2055551 _d2055551 |
||